000 00602nam a2200229Ia 4500
003 OSt
005 20221005083814.0
006 a|||||r|||| 00| 0
007 ta
008 221004b |||||||| |||| 00| 0 eng d
024 _a68415
037 _cTextual
040 _aCRL
_cCRL
_beng
041 _2eng
_aeng
082 _aYz7, N5
245 0 _aRedefining the good society, fourth Indira Gandhi conference 1993 Nov 19-23.
260 _aNew Delhi
_bWiley Eastern
_c1995
300 _a516p.
_ccm.
650 _aSOCIOLOGY
942 _hYz7, N5
_cTEXL
_2cc
999 _c991572
_d991572